Normal view
MARC view
- TRIGNOMETRY
Entry Topical Term
001 - CONTROL NUMBER
- control field: 78777
003 - CONTROL NUMBER IDENTIFIER
- control field: NUST
005 - DATE AND TIME OF LATEST TRANSACTION
- control field: 20210628210247.0
008 - FIXED-LENGTH DATA ELEMENTS
- fixed length control field: 210628|| aca||aabn | a|a d
040 ## - CATALOGING SOURCE
- Original cataloging agency: NUST
- Transcribing agency: NUST
150 ## - HEADING--TOPICAL TERM
- Topical term or geographic name entry element: TRIGNOMETRY
670 ## - SOURCE DATA FOUND
- Source citation: Work cat.: (NUST): AYRSES, FRANK 78776, THEORY AND PROBLEMS OF PLANE AND SPHERICAL TRIGNOMETRY INCLUDING 680 SOLVED PROBLEMS, 1954
